Statistics for Most Searched Holiday Destinations #1

Click here to take the quiz!

General Stats

  • This quiz has been taken 246 times
  • The average score is 99 of 150

Answer Stats

HintAnswer% Correct
Brazil | Greece | Iceland | +2 othersSpain
94%
Australia | Brazil | Greece | +6 othersUK
91%
Australia | Brazil | China | +7 othersUSA
91%
Greece | Iceland | Russia | +2 othersItaly
89%
Iceland | NigeriaChina
88%
Australia | China | Israel | PhilippinesJapan
88%
India | Nigeria | Philippines | USACanada
86%
Brazil | GreeceGermany
85%
UK | USAMexico
84%
Brazil | IcelandPortugal
84%
Greece | India | Philippines | +3 othersAustralia
83%
Greece | Russia | Sweden | UKGreece
83%
India | Nigeria | Oman | +2 othersIndia
83%
AustraliaNew Zealand
83%
China | RussiaRussia
83%
Australia | China | India | +5 othersThailand
83%
China | Iceland | Russia | +2 othersTurkey
79%
BrazilArgentina
78%
BrazilBrazil
78%
SwedenEgypt
77%
Nigeria | South AfricaSouth Africa
77%
OmanIndonesia
74%
Israel | USAIreland
71%
ChinaSouth Korea
68%
IcelandDenmark
67%
GreeceNetherlands
67%
China | PhilippinesPhilippines
67%
Brazil | Iceland | Russia | +3 othersCuba
63%
IcelandPoland
63%
OmanMorocco
61%
BrazilChile
60%
OmanMalaysia
60%
Iceland | Russia | SwedenCroatia
59%
Australia | China | India | +2 othersSingapore
59%
OmanAustria
58%
AustraliaVietnam
58%
UKCyprus
52%
India | Israel | PhilippinesMaldives
49%
Israel | UKMalta
49%
ChinaTaiwan
45%
China | SwedenCambodia
44%
AustraliaFiji
44%
OmanIran
42%
India | IsraelSri Lanka
42%
NigeriaNigeria
41%
OmanOman
41%
South AfricaMadagascar
37%
USACosta Rica
33%
IsraelDominican Republic
33%
RussiaBulgaria
30%
GreeceAlbania
26%
NigeriaGhana
25%
Australia | PhilippinesHong Kong
24%
Israel | South AfricaMauritius
24%
South AfricaNamibia
24%
Oman | RussiaGeorgia
23%
South AfricaZimbabwe
23%
IsraelSlovakia
22%
GreeceBelarus
20%
OmanBosnia and Herzegovina
19%
Israel | RussiaMontenegro
16%
IndiaBhutan
15%
South AfricaMozambique
15%
UKCape Verde
13%
AustraliaVanuatu
12%
NigeriaGambia
8%
NigeriaBenin
6%
BrazilAruba
3%

Score Distribution

Percentile by Number Answered

Percent of People with Each Score

Your Score History

You have not taken this quiz